000 01354nam a22001937a 4500
005 20241009124116.0
008 241009b |||||||| |||| 00| 0 eng d
020 _a9789364554978 (Hardback)
082 _a343.0558
100 _aDatey, V.S.
245 _aCustoms Law & Practice with Foreign Trade Policy :
_bas amended by finnce (No. 2) act 2024 /
_cV .S. Datey
250 _a26th
260 _aNew Delhi
_bTaxmann Publications
_c2024
300 _a899 pages
_c24 cm.
365 _bRs. 3495.00
520 _aThis comprehensive handbook provides a detailed, topic-wise analysis of Customs Law and Foreign Trade Policy in India, covering crucial aspects like customs duties, valuation, procedures, exemptions, penalties, and sector-specific provisions such as SEZs and EOUs. The key features include a step-by-step approach to customs law, extensive coverage of import/export procedures, practical insights with case law analysis, and dedicated sections on Foreign Trade Policy 2023. The book interlinks Customs, Foreign Trade, and GST Laws, providing a cohesive understanding of trade regulations. It is enhanced with practical tools like detailed chapter heads, indexes, and a glossary.
856 _uhttps://cdn.taxmann.com/BookshopFiles/bookfiles/1726051224341_9789364554978_content.pdf
_zClick here to view Table of Contents
942 _2ddc
_cBK
999 _c212830
_d212830